000 00590nam a22002297a 4500
003 UA-OsUOA
001 94391
007 ta
008 20130208b un ||||| |||| 00| 0 ukr d
100 _aГольдсмит О.
090 _a821.111
_bГ63
942 _cBK
040 _aUA-OsUOA
_brus
_cUA-OsUOA
_dUA-OsUOA
245 _aВекфильдский священник
300 _a230 с.
955 _a3
041 _arus
080 _a821.111
260 _aМ.
_bГИХЛ
_c1959
650 7 _a82 Література. Літературознавство
_2UDC
999 _c380636
_d380636